| 000 | 00957 a2200205 4500 | ||
|---|---|---|---|
| 003 | Nust | ||
| 005 | 20221017120101.0 | ||
| 010 | _a 80012799 | ||
| 020 | _a0683061577 | ||
| 040 | _cNust | ||
| 082 | 0 | 0 | _a617.11,MUN |
| 100 | 1 |
_aMunster, Andrew M., _9100419 |
|
| 245 | 1 | 0 |
_aBurn care for the house officer / _cAndrew M. Munster. |
| 260 |
_aBaltimore : _bWilliams & Wilkins, _cc1980. |
||
| 300 |
_a100 p. : _bill. ; _c19 cm. |
||
| 505 | _aClassification, Natural History and Prognosis (Page-1), First Aid, Triage and Transportation (Page-9), Fluid Resuscitation (Page-15), Care of The Burn Wound (Page-24), Surgery of Burns (Page-36), Complications (Page-53), Nutrition (Page-70), Rehabilitation and Psychosocial Aspects of Burn Care (Page-75), Chemical Burns (Page-83), Electrical Burns (Page-86), Special Considerations in Children (Page-92). | ||
| 650 | 0 |
_aBurns and scalds _xTreatment. _9100420 |
|
| 650 | 0 |
_aBurns _xTherapy. _9100421 |
|
| 942 |
_2ddc _cBK |
||
| 999 |
_c183196 _d183196 |
||